Online katalóg knižníc regiónu Turca

Odvlečení (Record no. 21495)

MARC details
000 -LEADER
fixed length control field 02099cam a2200661 a 4500
001 - CONTROL NUMBER
control field 21495
003 - CONTROL NUMBER IDENTIFIER
control field VRT
005 - DATE AND TIME OF LATEST TRANSACTION
control field 20260302143837.0
008 - FIXED-LENGTH DATA ELEMENTS--GENERAL INFORMATION
fixed length control field 200316s2017 xo o g 000 0dslo
015 ## - NATIONAL BIBLIOGRAPHY NUMBER
National bibliography number SNBA2018/05
020 ## - INTERNATIONAL STANDARD BOOK NUMBER
International Standard Book Number 9788081148521
Qualifying information (viaz.)
035 ## - SYSTEM CONTROL NUMBER
System control number urn:nbn:sk:snk-am00dhld
035 ## - SYSTEM CONTROL NUMBER
System control number urn:nbn:sk:snk-am3i2j3
035 ## - SYSTEM CONTROL NUMBER
System control number 6B5D8164-2AC1-4CBD-AAAC-3F201DC519B6
039 #9 - LEVEL OF BIBLIOGRAPHIC CONTROL AND CODING DETAIL [OBSOLETE]
Level of rules in bibliographic description 202311101355
Level of effort used to assign nonsubject heading access points AUTHORITY
Level of effort used to assign subject headings 202310241422
Level of effort used to assign classification AUTHORITY
Level of effort used to assign subject headings 202003161017
Level of effort used to assign classification VLOAD
Level of effort used to assign subject headings 201805301506
Level of effort used to assign classification VLOAD
040 ## - CATALOGING SOURCE
Original cataloging agency PPPK
Language of cataloging slo
Transcribing agency PPPK
Modifying agency SVKBB
-- SNK
Description conventions AACR2
041 0# - LANGUAGE CODE
Language code of text/sound track or separate title slo
044 ## - COUNTRY OF PUBLISHING/PRODUCING ENTITY CODE
MARC country code xo
ISO country code SK
072 #7 - SUBJECT CATEGORY CODE
Subject category code 343.8
Subject category code subdivision Väzenstvo
Source konspekt
080 ## - UNIVERSAL DECIMAL CLASSIFICATION NUMBER
Universal Decimal Classification number 323.12"1939/1945"
Edition identifier 2011
080 ## - UNIVERSAL DECIMAL CLASSIFICATION NUMBER
Universal Decimal Classification number 343.819.5
Edition identifier 2011
080 ## - UNIVERSAL DECIMAL CLASSIFICATION NUMBER
Universal Decimal Classification number 343.8-051
Edition identifier 2011
080 ## - UNIVERSAL DECIMAL CLASSIFICATION NUMBER
Universal Decimal Classification number (0:82-94)
Edition identifier 2011
080 ## - UNIVERSAL DECIMAL CLASSIFICATION NUMBER
Universal Decimal Classification number (047.53)
Edition identifier 2011
100 1# - MAIN ENTRY--PERSONAL NAME
Personal name Havranová, Ivana,
Dates associated with a name 1952-
Relationship aut
-- ivr
245 10 - TITLE STATEMENT
Title Odvlečení
Statement of responsibility, etc. Ivana Havranová
250 ## - EDITION STATEMENT
Edition statement 1. vyd.
260 ## - PUBLICATION, DISTRIBUTION, ETC.
Place of publication, distribution, etc. Bratislava
Name of publisher, distributor, etc. Marenčin PT
Date of publication, distribution, etc. 2017
300 ## - PHYSICAL DESCRIPTION
Extent 140 s.
Other physical details fotogr.
Dimensions 19 cm
650 07 - SUBJECT ADDED ENTRY--TOPICAL TERM
Topical term or geographic name entry element holokaust (1939-1945)
Source of heading or term SNKPH
650 07 - SUBJECT ADDED ENTRY--TOPICAL TERM
Topical term or geographic name entry element koncentračné tábory
Source of heading or term SNKPH
650 07 - SUBJECT ADDED ENTRY--TOPICAL TERM
Topical term or geographic name entry element väzni
Source of heading or term SNKPH
650 07 - SUBJECT ADDED ENTRY--TOPICAL TERM
Topical term or geographic name entry element Holocaust (1939-1945)
Source of heading or term SNKPHeng
650 07 - SUBJECT ADDED ENTRY--TOPICAL TERM
Topical term or geographic name entry element Concentration camps
Source of heading or term SNKPHeng
650 07 - SUBJECT ADDED ENTRY--TOPICAL TERM
Topical term or geographic name entry element Prisoners
Source of heading or term SNKPHeng
655 #7 - INDEX TERM--GENRE/FORM
Genre/form data or focus term spomienky
Source of term SNKPH
655 #7 - INDEX TERM--GENRE/FORM
Genre/form data or focus term rozhovory
Source of term SNKPH
655 #7 - INDEX TERM--GENRE/FORM
Genre/form data or focus term Reminiscences
Source of term SNKPHeng
655 #7 - INDEX TERM--GENRE/FORM
Genre/form data or focus term Interviews
Source of term SNKPHeng
910 ## - USER-OPTION DATA (OCLC)
User-option data pppk
910 ## - USER-OPTION DATA (OCLC)
User-option data pokpoh
910 ## - USER-OPTION DATA (OCLC)
User-option data sllk
910 ## - USER-OPTION DATA (OCLC)
User-option data skpk
910 ## - USER-OPTION DATA (OCLC)
User-option data hevk
910 ## - USER-OPTION DATA (OCLC)
User-option data bjkdg
910 ## - USER-OPTION DATA (OCLC)
User-option data vthk
910 ## - USER-OPTION DATA (OCLC)
User-option data totk
910 ## - USER-OPTION DATA (OCLC)
User-option data snk
942 ## - ADDED ENTRY ELEMENTS (KOHA)
Source of classification or shelving scheme Dewey Decimal Classification
Koha item type Odborná literatúra pre dospelých
Suppress in OPAC No
949 ## - LOCAL PROCESSING INFORMATION (OCLC)
6 270001000587341
a svkbbA 152383-a
b svkbbm 775016
949 ## - LOCAL PROCESSING INFORMATION (OCLC)
6 0133102604
a snmk
b snmk2018/102604
949 ## - LOCAL PROCESSING INFORMATION (OCLC)
6 2889336964
a savukPV 25993
b savuk2018/1502
949 ## - LOCAL PROCESSING INFORMATION (OCLC)
6 17A1323468
a snkSD 87140
b snk2018/7866
o 795/18
s 6100:20180521
949 ## - LOCAL PROCESSING INFORMATION (OCLC)
6 17A1323469
a snkSD 87140 D1
b snk2018/7867
o 795/18
949 ## - LOCAL PROCESSING INFORMATION (OCLC)
6 270001000562120
a svkbbA 152383
b svkbbm 769875
949 ## - LOCAL PROCESSING INFORMATION (OCLC)
6 273K0627526
a svkpoA 237622
b svkpo622801
Holdings
Stav vyradenia Strata Poškodenie Spôsob nadobudnutia Domovská knižnica Aktuálna knižnica Dátum nadobudnutia Total checkouts Čiarový kód exemplára Date last seen Typ exemplára
      Dar Obecná knižnica Turčianska Štiavnička Obecná knižnica Turčianska Štiavnička 02.03.2026   4738000207 02.03.2026 Odborná literatúra pre dospelých
Projekt je podporený Slovenskou asociáciou knižníc
Prevádzkuje Turčianska knižnica Martin 2026